MARC

LEADER 00000nam0a2200000 4500
001 685937
005 20260402143308.0
090 |a 685937 
100 |a 20260402d1974 k||y0rusy50 ca 
101 1 |a fre  |c rus 
102 |a RU 
105 |a a z 001yy 
181 0 |a i   |b  e  
182 0 |a n 
183 0 |a nc  |2 RDAcarrier 
200 1 |a Математическая теория оптимальных процессов  |d Theorie mathematigue des processus optimaux  |f Л. С. Понтрягин, В. Г Болтянский, Р. В. Гамкрелидзе, Е. Ф. Мищенко  |z fre 
203 |a Текст  |b визуальный  |c непосредственный 
210 |a Москва  |c Мир  |d 1974 
215 |a 317 с.  |c ил. 
283 |a volume  |2 RDAcarrier 
300 |a На французском языке 
320 |a Библиография: с. 313-315 
451 1 |0 (RuTPU)RU\TPU\book\39518  |t Математическая теория оптимальных процессов  |f Л. С. Понтрягин, В. Г. Болтянский, Р.В. Гамкрелидзе, У. Ф. Мищенко  |e 4-е изд., стер.  |c М.  |n Наука  |d 1983  |p 392 с. 
606 |a Оптимальные процессы  |x Математическая теория  |x (математика)  |9 66249 
610 1 |a принцип максимума 
610 1 |a линейные оптимальные быстродействия 
610 1 |a вариационное исчисление 
610 1 |a ограниченные фазовые координаты 
610 1 |a задачи 
610 1 |a оптимальное управление 
610 1 |a французский язык 
675 |a 517.977  |v 3 
701 1 |a Понтрягин  |b Л. С.  |c российский математик  |f 1908-1988  |g Лев Семенович  |9 10339 
701 1 |a Болтянский  |b В. Г.  |g Владимир Григорьевич 
701 1 |a Гамкрелидзе  |b Р. В.  |g Реваз Валерианович 
701 1 |a Мищенко  |b Е. Ф.  |c российский математик  |f 1922-  |g Евгений Фролович  |9 1189 
801 0 |a RU  |b 63413507  |c 20260402  |g PSBO 
830 |a Ретро2026Каталогизация 
942 |c BK